Ngừng phán xét lyrics - Statistics

General Stats
  • This quiz has been taken 9 times
    6 since last reset
  • The average score is 135 of 498
Answer Stats
ANSWER % Correct
Khi
100%
khong
100%
may
100%
Ngung
100%
phan
100%
song
100%
xet
100%
cuoc
80%
doi
80%
tao
80%
boyzzz!
60%
cao
60%
Cho
60%
co
60%
cong
60%
cua
60%
Dung
60%
gan
60%
ghep
60%
hom
60%
it
60%
ma
60%
nay
60%
nhung
60%
NTN
60%
sieu
60%
Stop
60%
tao
60%
thanh
60%
Bao
40%
bao
40%
bat
40%
bien
40%
bo
40%
bong
40%
cang
40%
cay
40%
cham
40%
chang
40%
chang
40%
chiec
40%
chien
40%
co
40%
cong
40%
cua
40%
cuoc
40%
cuoc
40%
cuon
40%
da
40%
da
40%
dai
40%
dam
40%
dang
40%
dau
40%
dau
40%
dien
40%
do
40%
Doi
40%
dua
40%
duoc
40%
duong
40%
duong
40%
gang
40%
giet
40%
giet
40%
go
40%
hoc
40%
hoi
40%
khac
40%
khi
40%
khi
40%
khi
40%
Khoi
40%
khong
40%
La
40%
la
40%
la
40%
lai
40%
Lam
40%
long
40%
ma
40%
man
40%
mat
40%
mat
40%
may
40%
May
40%
minh
40%
mo
40%
muon
40%
nay!
40%
Nghe
40%
ngoi
40%
nhan
40%
nhan
40%
nhieu
40%
Nhung
40%
no
40%
No
40%
no
40%
noi
40%
NTN
40%
nuoc
40%
nuot
40%
O!
40%
phai
40%
phim
40%
ro
40%
Sau
40%
tao
40%
tao
40%
tao
40%
tao
40%
thang
40%
Thanh
40%
theo
40%
thi
40%
tho
40%
thoi
40%
thu
40%
to
40%
tu
40%
tu
40%
Tung
40%
tuong
40%
uoc
40%
vao
40%
ve
40%
vien
40%
Xa
40%
xam
40%
1
20%
Ac
20%
ai
20%
Ba
20%
ban
20%
ban
20%
bang
20%
bang
20%
bang
20%
bao
20%
bao
20%
Bao
20%
bien
20%
bieng
20%
bo
20%
bo
20%
bon
20%
bon
20%
bong
20%
bot
20%
buoc
20%
buoc
20%
buoc
20%
buong
20%
ca
20%
cac
20%
cac
20%
cach
20%
cach
20%
cai
20%
cai
20%
cai
20%
can
20%
cay
20%
cay
20%
cay
20%
chac
20%
chan
20%
chat
20%
che
20%
chi
20%
Cho
20%
choi
20%
chui
20%
chui
20%
co
20%
Co
20%
co
20%
co
20%
co
20%
co
20%
co
20%
co
20%
comment
20%
con
20%
con
20%
cong
20%
cong
20%
cong
20%
cong
20%
cong
20%
cong
20%
cong
20%
Cu
20%
cu
20%
cu
20%
cua
20%
cua
20%
cua
20%
cung
20%
Cung
20%
cuoc
20%
cuoc
20%
cuoc
20%
cuoi
20%
cuon
20%
dang
20%
dang
20%
dang
20%
dang
20%
dang
20%
danh
20%
dap
20%
Day
20%
day
20%
day
20%
de
20%
de
20%
dem
20%
dem
20%
dey
20%
di
20%
di
20%
do
20%
do
20%
doi
20%
doi
20%
Doi
20%
doi
20%
dong
20%
dong
20%
dong
20%
Ducatti
20%
dung
20%
Dung
20%
duoc
20%
duoc
20%
duoc
20%
duoc
20%
duong
20%
every
20%
fan
20%
fighting
20%
gai
20%
gan
20%
gang
20%
ganh
20%
ganh
20%
gat
20%
GATO
20%
ghe
20%
ghen
20%
ghep
20%
ghet
20%
ghet
20%
gi
20%
gi?
20%
gia
20%
giet
20%
giua
20%
hai
20%
ham
20%
Haters
20%
hay
20%
hay
20%
hay
20%
hay
20%
Hay
20%
hay
20%
he
20%
hien
20%
hieu
20%
Ho
20%
hoc
20%
hon
20%
hon
20%
im
20%
I'm
20%
Ke
20%
ke
20%
Ke
20%
ke
20%
ke
20%
Khi
20%
Khi
20%
khi
20%
khi
20%
Khi
20%
khinh
20%
khoang
20%
khoc
20%
khoe
20%
khong
20%
khong
20%
khong
20%
khong
20%
khong
20%
ki
20%
la
20%
la
20%
la
20%
La
20%
lam
20%
lam
20%
Lamborghini,
20%
lang
20%
len
20%
like
20%
like.
20%
live
20%
loi
20%
long
20%
long
20%
luc
20%
luoi
20%
luon
20%
ma
20%
ma
20%
ma
20%
ma
20%
ma
20%
Mac
20%
man
20%
mat
20%
mat
20%
may
20%
may
20%
may
20%
may
20%
men.
20%
minh
20%
mo
20%
mo
20%
Moi
20%
moi
20%
mom
20%
mot
20%
mot
20%
mot
20%
mot
20%
my
20%
Nam!
20%
name.
20%
nang
20%
nga
20%
ngay
20%
ngay
20%
ngay
20%
nghi
20%
nghi
20%
nghieng
20%
Ngoai
20%
ngoi
20%
ngu
20%
Ngung
20%
nguoi
20%
nguoi
20%
nguoi
20%
nhin
20%
nhu
20%
nhuc
20%
nhung
20%
Nhung
20%
nhung
20%
nhung
20%
nhung
20%
No
20%
no
20%
no
20%
noi
20%
NTN
20%
nuoc
20%
nuot
20%
nup
20%
nut
20%
o
20%
oan
20%
phan
20%
phan
20%
phi
20%
phien
20%
PUBG
20%
quy
20%
ra
20%
roi
20%
say
20%
say
20%
so
20%
so
20%
song
20%
song
20%
stream
20%
support,
20%
suy
20%
Ta
20%
tao
20%
Tao
20%
tao
20%
Tao
20%
tao
20%
Tao
20%
tao
20%
tao
20%
tao
20%
tao
20%
tao
20%
Tao
20%
tao
20%
tao
20%
tao
20%
tao
20%
tao
20%
tao
20%
tat
20%
ten
20%
thang
20%
thanh
20%
thanh
20%
thanh
20%
thanh
20%
thanh
20%
thanh
20%
Thanh
20%
Thanh
20%
thanh
20%
that
20%
that
20%
that
20%
the
20%
the
20%
the
20%
the
20%
theo
20%
Thi
20%
thich
20%
thich
20%
thich
20%
thoi
20%
thoi
20%
thu
20%
thu
20%
thua
20%
thuc
20%
thuc
20%
thuc
20%
thuong
20%
thuong
20%
tien
20%
tiep
20%
tiep
20%
til'
20%
tim
20%
toi
20%
toi
20%
tot
20%
trach
20%
trang
20%
trang
20%
trau,
20%
tre
20%
tri
20%
tro
20%
tro
20%
truoc
20%
Tu
20%
tu
20%
tuc
20%
tui
20%
tung
20%
uoc
20%
uoc
20%
va
20%
van
20%
van
20%
van
20%
van
20%
Van
20%
vang
20%
vay
20%
Vi
20%
Vi
20%
Viet
20%
vo
20%
von
20%
vun
20%
vung
20%
vuon
20%
world
20%
xay
20%
xay
20%
xem
20%
xet
20%
xet!
20%
y
20%
yeu
20%
Youtube
20%
Youtuber
20%
Youtuber
20%
No matching quizzes found
Score Distribution
Percent of People with Each Score
Percentile by Number Answered
Your Score History
You have not taken this quiz since the last reset